Central Library OPAC University of Rajshahi

Smuts / (Record no. 64924)

MARC details
000 -LEADER
fixed length control field 00941nam a2200265 a 4500
001 - CONTROL NUMBER
control field 64924
003 - CONTROL NUMBER IDENTIFIER
rucl marc code BD-RjUL
005 - DATE AND TIME OF LATEST TRANSACTION
control field 20211209081352.0
008 - FIXED-LENGTH DATA ELEMENTS--GENERAL INFORMATION
fixed length control field 170225s1962 enka||| 001 0beng d
035 ## - SYSTEM CONTROL NUMBER
System control number (BD-RjUL)65054
040 ## - CATALOGING SOURCE
Original cataloging agency DLC
Transcribing agency DLC
Modifying agency m.c
-- BD-RjUL
Language of cataloging eng
041 ## - LANGUAGE CODE
Language code of text/sound track or separate title eng
082 ## - DEWEY DECIMAL CLASSIFICATION NUMBER
Edition number 23
Classification number 968.050924
Author mark and year HAS 1962
100 1# - MAIN ENTRY--PERSONAL NAME
Personal name Hancock, W. K.
Fuller form of name (William Keith),
Dates associated with a name 1898-1988 .
9 (RLIN) 192479
245 10 - TITLE STATEMENT
Title Smuts /
Statement of responsibility, etc. W.K. Hancock.
260 ## - PUBLICATION, DISTRIBUTION, ETC. (IMPRINT)
Place of publication, distribution, etc. Cambridge :
Name of publisher, distributor, etc. Cambridge University Press,
Date of publication, distribution, etc. c1962.
300 ## - PHYSICAL DESCRIPTION
Pagination 2 v. :
Illustrations ill. ;
Size 24 cm.
504 ## - BIBLIOGRAPHY, ETC. NOTE
Bibliography, etc Bibliography: v. 1, p. 562-593; v. 2, p. 530-566.
505 0# - FORMATTED CONTENTS NOTE
Formatted contents note v. 1. The sanguine years, 1870-1919.--v. 2. The fields of force, 1919-1950.
600 10 - SUBJECT ADDED ENTRY--PERSONAL NAME
Personal name Smuts, Jan Christiaan,
Dates associated with a name 1870-1950.
650 #0 - SUBJECT ADDED ENTRY--TOPICAL TERM
Topical term or geographic name as entry element Statesmen
Geographic subdivision South Africa
Form subdivision Biography.
9 (RLIN) 192481
651 #0 - SUBJECT ADDED ENTRY--GEOGRAPHIC NAME
Geographic name South Africa
General subdivision History
Chronological subdivision 1836-1909.
9 (RLIN) 192482
Geographic name South Africa
General subdivision History
Chronological subdivision 1909-1961.
9 (RLIN) 192483
942 ## - ADDED ENTRY ELEMENTS (KOHA)
Source of classification or shelving scheme Dewey Decimal Classification
Koha item type Books
Holdings
Lost status Source of classification or shelving scheme Damaged status Not for loan Collection code Permanent Location Current Location Shelving location Date acquired Source of acquisition Cost, normal purchase price Total Checkouts Full call number Date last seen Copy number Koha item type
  Dewey Decimal Classification   Not For Loan Non-fiction Central Library, University of Rajshahi Central Library, University of Rajshahi Reading Room 07/10/1969 Zeitlinger 70.00   968.050924 HAS V-1 1962 25/02/2017 C-1 Books